Quizzes
Events
Quiz Creation
Community
Videos
Private Events
Remove Ads
Sign In
Join for FREE
Feedback
Dark Mode
Quiz Categories
Sports
Geography
Music
Movies
Television
Just For Fun
Miscellaneous
History
Literature
Language
Science
Gaming
Entertainment
Religion
Holiday
For Kids
Quiz Lab
Recent
Popular Today
Quiz Kudos Today
Editor Picks
Curator Picks
Quizzes by...
Day
Popularity
Type
Ratings
Length
Year
Community
Subscriptions
Recent Discussions
Orange Saloon
Badges
Playlists
Quests
Create
Leaderboards
Showdown
Live 5
Trivia Bingo
Activity
Puzzle Library
Sporcle Events
Private Events
Virtual Trivia
Globe League
Become a Host
Pub Owners
SporcleCon
Opinionation
Our Games
Videos
Blog
Mobile Apps
Partnerships
Remove Ads and Go Orange
Feedback
Gaming
Video Games
Board Games
Card Games
Pokémon
Mario
Nintendo
Minecraft
Console
Toys
Legend of Zelda
Gaming
Video Games
Board Games
Card Games
Pokémon
Mario
Nintendo
Minecraft
Console
Toys
Legend of Zelda
Random Quiz
Search Sporcle
×
Quiz Lab
Quiz Lab
Gaming
Numbers
Type in answers that appear in a list
Type in answers that appear in a list
Classic
Best Score? Go Orange.
Heroclix - Cosmic Justice Stats
Can you name the characters in the DC Heroclix set Cosmic Justice?
By
Chriscwest45
10m
40 Questions
51 Plays
51 Plays
51 Plays
Comments
Comments
Give Quiz Kudos
Give Quiz Kudos
-
- Ratings
hide this ad
Replay
Link that replays current quiz
Next Quiz
Link to next quiz in quiz playlist
You Got
0%
They Got
Avg Score
50%
Avg Friend Score
Upgrade to see
Score Distribution
Jump to the score distribution portion of the page
Score
0/40
Timer
10:00
0
Plays Today
Number
Figure
% Correct
95
Batman
92.2%
96
Superman
88.2%
76-
78
Wonder Woman
86.3%
82-
84
Green Lantern
84.3%
43-
45
Cosmic Boy
72.5%
49-
51
Saturn Girl
68.6%
89
Lex Luthor
68.6%
19-
21
Sgt. Rock
64.7%
34-
36
Black Canary
64.7%
61-
63
Starfire
62.7%
37-
39
Green Arrow
60.8%
1-
3
Easy Company Soldier
56.9%
4-
6
Easy Company Medic
54.9%
46-
48
Live Wire
54.9%
85
Martian Manhunter
54.9%
94
Batgirl
54.9%
64-
66
Starman
52.9%
22-
24
Penguin
51%
55-
57
Zatanna
51%
70-
72
Cheetah
47.1%
Number
Figure
% Correct
79-
81
Circe
47.1%
86
Bizarro
47.1%
91
Despero
47.1%
10-
12
Parademon Warrior
45.1%
40-
42
Troia
45.1%
7-
9
Parademon Scout
41.2%
88
Amazo
41.2%
31-
33
Poison Ivy
39.2%
92
Mordru
39.2%
58-
60
Lady Shiva
37.3%
90
Eclipso
37.3%
93
Catgirl
37.3%
87
Brother Blood
35.3%
13-
15
Lex Corp Security
33.3%
25-
27
Manhunter
31.4%
67-
69
Firestorm
31.4%
52-
54
Fatality
29.4%
16-
18
Lex Corp Battlesuit
27.5%
28-
30
Fury
21.6%
73-
75
Deathstroke
19.6%
Quiz Playlist
Details
Report
Send in Message
Add To Playlist
Classic:
Type in answers that appear in a list
Quiz Source
Last Updated: Feb 16, 2017
Quiz Scoreboard
CHALLENGE
Sign Up to Join the Scoreboard
Show All
Scores
Hide
Comments
May contain spoilers
Recently Published
Presidents Visiting Landmarks
by Hejman
History
7m
An Introduction to Baseball
by treessimontrees
Sports
5m
Movies - When Are They Set?
by FPL_Elf
Movies
5m
More to Explore
Quiz From the Vault
Featured Blog Post
Where Did the Easter Bunny Come From?
hide this ad
You Might Also Like...
Tags
Justice Quiz
Numbers Quiz
Character
cosmic
Heroclix
set
Veteran
Today's Top Quizzes in Gaming
Browse Gaming
hide this ad
Today's Top Quizzes in Numbers
Browse Numbers
Top Contributed Quizzes in Gaming
1
5-to-1: Consoles
2
7-to-1: Board Game Piece Blitz
3
5-to-1: Legend of Zelda
4
Destiny 2 exotic weapons by perk icons
5
Ultimate Genshin Impact Logic Puzzle (up to 4.3)
6
Franchise by Action Figure
7
Overwatch Logic Puzzle
8
Who's on the WWE 2K24 Cover?
9
Genshin Impact Logic Puzzle Quiz
10
Windmill: Pokémon
Explore More
Trending Topics
Marvel
Crossword
NBA
Kpop
Anime
Disney
Harry Potter
Puzzle
Country
Pokémon
WWE
Song
Soccer
The Office
NFL
hide this ad
More By:
Chriscwest45
Quiz
Plays
Rating
Category
Featured
Created
Marvel Ultimate Alliance
9,157
4.36
Gaming
Oct 12, 2009
Avengers Roster
5,908
4.31
Entertainment
Oct 6, 2009
Teen Titans
5,766
4.50
Entertainment
Oct 1, 2009
Members of the X-Men
5,426
4.33
Entertainment
Sep 24, 2009
Wrestling PPVs
1,149
3.83
Sports
Jan 5, 2010
Go to Creator's Profile
Score Distribution
Quiz Creator Spotlight
Chriscwest45
Follow
Send a Message
Quizzes Created
-
Created Quiz Play Count
-
More By This Creator
Popular Quizzes Today
1
Find the US States - No Outlines Minefield
2
Find the Countries of Europe - No Outlines Minefield
3
The Countries of the World
4
Find the US States
5
Popular People in 1961
6
US States
7
Risky Map Clicking: Biggest States A-Z
8
Movies - When Are They Set?
More Gaming Quizzes
LGBTQ+ Video Games
Published
Trending Quizzes
Risky Map Clicking: Least Populous States A-Z
1-10 Letter G Words
1-10 Letter F Words
Risky Map Clicking: Next State Alphabetically
Risky Map Clicking: Biggest States A-Z
Recently Updated
Leaping Animals
pecheneg
Reality TV Shows (A-Z)
bhenderson79
Rickey Henderson's Hall of Fame Teammates
pecheneg
Champions League XIs: Arsenal
pecheneg
Quick Pick: Celebrities in WWE's Hall of Fame
aduchscher
A-Z Keypad Blitz II
pecheneg
Multiple Oscar Actors
pecheneg
Mystery Phrase Blitz: Oscar 'Best Actors'
pecheneg
F. Scott Fitzgerald Novels
LTH
Pick 3 Villains
ddd62291
Trending Topics
Crossword
Harry Potter
Marvel
Disney
NBA
Anime
Kpop
Country
NFL
Pokémon
Song
WWE
Soccer
Puzzle
The Office
Your Account Isn't Verified!
In order to create a playlist on Sporcle, you need to verify the email address you used during registration. Go to your
Sporcle Settings
to finish the process.
Report this User
Report this user for behavior that violates our
Community Guidelines
.
Details:
Send Report
Go to the Sporcle.com Mobile Site →
Comments